000
00286nam a22001217a 4500
005
20170620152808.0
008
170620b xxu||||| |||| 00| 0 eng d
041
_a
eng
245
_a
GATE 2017 ELECTRONICS & COMM. ENGINEERING
260
_b
ENGINEERS ACADEMY
300
_a
638
942
_c
BK
999
_c
5474
_d
5472